000 00165nam a2200073Ia 4500
008 170620s9999 xx 000 0 und d
100 _aSiddiquee-
245 0 _aEDUCATION TECHNOLOGY -
260 _bAPH
999 _c26131
_d26131